[Event "AUTO-ELITE-2544"]
[Site "http://www.queenalice.com/game.php?id=1853158"]
[Date "2025.3.2"]
[Round "2"]
[White "RaulSoft"]
[Black "gizmokaka"]
[Result "0-1"]
[WhiteElo "2657"]
[BlackElo "2813"]

1. d4 d5 2. c4 dxc4 3. Qa4+ c6 4. Qxc4 Nf6 5. Nf3 Bg4 6. Nbd2 Nbd7 7. g3 e6 8.
Bg2 Be7 9. O-O a5 10. h3 Bh5 11. Qb3 Nb6 12. a4 O-O 13. Rd1 h6 14. Nf1 Nbd5 15.
g4 Bg6 16. Ne5 Be4 17. f3 Bh7 18. e4 Nb4 19. Be3 Kh8 20. Rac1 Rc8 21. h4 Qe8 22.
Bf4 Nd7 23. g5 f6 24. Nxd7 Qxd7 25. gxh6 gxh6 26. Bxh6 Rg8 27. Rd2 Bd6 28. Qe3
Rce8 29. Re1 Bb8 30. Ree2 Qf7 31. Nh2 Bf5 32. Nf1 Qg6 33. h5 Qxh5 34. Bf4 Nd5
35. exd5 exd5 36. Ng3 Qg6 37. Be5 fxe5 38. Nxf5 Qxf5 39. Qh6+ Qh7 40. Qf6+ Rg7
41. Kf1 Kg8 42. dxe5 Ba7 43. Re1 Qh2 44. e6 Qg1+ 45. Ke2 Rxg2+ 46. Kd1 Rxd2+ 47.
Kxd2 Qd4+ 48. Qxd4 Bxd4 49. b3 Kf8 50. f4 Ke7 51. Kd3 Bf6 52. f5 Rh8 53. Re3 Rh4
54. Rf3 Kd6 55. Rg3 Rf4 56. Rg8 Rxf5 57. Ra8 Rf3+ 58. Kc2 d4 59. Rxa5 d3+ 60.
Kd2 Rg3 61. Rh5 Bg5+ 62. Rxg5 Rxg5 63. Kxd3 Kxe6 64. Kd4 Kd6 65. Ke4 Kc5 0-1

[Event "AUTO-ELITE-2544"]
[Site "http://www.queenalice.com/game.php?id=1853159"]
[Date "2025.3.2"]
[Round "2"]
[White "gizmokaka"]
[Black "RaulSoft"]
[Result "1/2-1/2"]
[WhiteElo "2790"]
[BlackElo "2654"]

1. d4 d5 2. Bf4 c5 3. e3 cxd4 4. exd4 Nc6 5. c3 Bf5 6. Nd2 e6 7. Ngf3 Bd6 8.
Bxd6 Qxd6 9. a4 Nge7 10. Be2 h6 11. O-O O-O 12. Re1 Qc7 13. h3 Nc8 14. Nb3 Nd6
15. Bf1 Rfe8 16. Nc5 Rad8 17. Qb3 Rc8 18. Qd1 Qb6 19. Qc1 Red8 20. Ra3 Qc7 21.
Qf4 b6 22. Nb3 Nc4 23. Qxc7 Rxc7 24. Ra2 f6 25. Nbd2 Nxd2 26. Nxd2 Kf7 27. Raa1
g5 28. Be2 e5 29. dxe5 fxe5 30. Bb5 Kf6 31. Nf3 e4 32. Nh2 Na5 33. Rad1 Nb3 34.
Ng4+ Bxg4 35. hxg4 Nc5 36. Rd4 Ne6 37. Rd2 d4 38. cxd4 Nxd4 39. Kf1 Rd6 40. Ba6
Ke5 41. Rdd1 Ne6 42. Rxe4+ Kxe4 43. Rxd6 Rc1+ 44. Ke2 Nd4+ 45. Kd2 Rc2+ 46. Ke1
Rxb2 47. Rxh6 Ra2 48. Bb7+ Kd3 49. Rh3+ Kc4 50. f4 gxf4 51. g5 Rxa4 52. g6 Ra5
53. g7 Rg5 54. Bd5+ Kxd5 55. Rh5 Rxh5 56. g8=Q+ Ke4 57. Qg6+ Rf5 58. Kd2 b5 59.
Qe8+ Re5 60. Qg6+ 1/2-1/2

[Event "AUTO-ELITE-2535"]
[Site "http://www.queenalice.com/game.php?id=1854218"]
[Date "2025.3.20"]
[Round "2"]
[White "Sexxy_Bunny"]
[Black "RaulSoft"]
[Result "1/2-1/2"]
[WhiteElo "2692"]
[BlackElo "2647"]

1. e4 e5 2. Nf3 Nc6 3. Bb5 Nf6 4. O-O Nxe4 5. d4 Nd6 6. Bxc6 dxc6 7. dxe5 Nf5 8.
Qxd8+ Kxd8 9. Nc3 Bd7 10. h3 h6 11. b3 Kc8 12. Bb2 b6 13. Rad1 c5 14. Nd5 a5 15.
a4 Ne7 16. c4 Nxd5 17. cxd5 Bf5 18. Rd2 Be7 19. Nh2 h5 20. f4 Kb7 21. Rfd1 Rad8
22. Nf1 h4 23. Ne3 Be4 24. Bc3 Rh6 25. Re2 Rh5 26. Kf2 f5 27. Red2 Rh6 28. Re2
Rh7 29. Red2 Rh6 30. Re2 Rh7 31. Red2 Rh6 1/2-1/2

[Event "AUTO-ELITE-2535"]
[Site "http://www.queenalice.com/game.php?id=1854220"]
[Date "2025.3.20"]
[Round "2"]
[White "SPIDERMAN99"]
[Black "RaulSoft"]
[Result "1-0"]
[WhiteElo "2494"]
[BlackElo "2580"]

1. e4 e5 2. Nf3 Nc6 3. Bb5 Nf6 4. d3 Bc5 5. Bxc6 dxc6 6. O-O Nd7 7. Nbd2 O-O 8.
a4 Re8 9. Nc4 a5 10. Be3 Bb4 11. Bd2 b6 12. h3 Bc5 13. Kh1 f6 14. Be3 Bb4 15.
Ng1 Nf8 16. f4 g6 17. fxe5 f5 18. exf5 Bxf5 19. Nf3 Qd7 20. Qe2 b5 21. Ncd2 Qd5
22. Qf2 Nd7 23. Ne4 Bxe4 24. dxe4 Qc4 25. b3 Qf7 26. Qe2 Qe7 27. Bd4 bxa4 28.
Rxa4 Nb6 29. Raa1 c5 30. Bb2 c4 31. Nh2 c3 32. Bc1 Nd7 33. Ng4 Kh8 34. Be3 Qe6
35. Rad1 Rf8 36. Rxf8+ Bxf8 37. Qb5 h5 38. Rxd7 hxg4 39. Qd5 Re8 40. Qxe6 Rxe6
41. Rxc7 Kg8 42. Bd4 gxh3 43. gxh3 Bg7 44. Rc5 Re8 45. Kg2 Ra8 46. Rxc3 a4 47.
bxa4 Rxa4 48. Rc8+ 1-0

[Event "AUTO-ELITE-2535"]
[Site "http://www.queenalice.com/game.php?id=1854221"]
[Date "2025.3.20"]
[Round "2"]
[White "RaulSoft"]
[Black "SPIDERMAN99"]
[Result "0-1"]
[WhiteElo "2570"]
[BlackElo "2504"]

1. d4 Nf6 2. c4 e6 3. Nf3 d5 4. g3 Bb4+ 5. Bd2 Be7 6. Bg2 O-O 7. O-O c6 8. Qc2
Nbd7 9. Rd1 b6 10. Bf4 Bb7 11. Ne5 Nh5 12. Bd2 Nhf6 13. cxd5 cxd5 14. Nc6 Bxc6
15. Qxc6 Rc8 16. Qb5 Ne8 17. Qa6 Nd6 18. Na3 Nf6 19. Rac1 Qd7 20. Bf4 h6 21. e3
Rxc1 22. Rxc1 Rc8 23. Rxc8+ Qxc8 24. Qxc8+ Nxc8 25. Nb5 Ne8 26. Bb8 a6 27. Nc3
Bd6 28. Bxd6 Nexd6 29. f3 b5 30. e4 dxe4 31. fxe4 Nb6 32. Kf2 f6 33. e5 fxe5 34.
dxe5 Ndc4 35. b4 Kf7 36. Ke2 Ke7 37. Bb7 a5 38. a3 axb4 39. axb4 Na3 40. Kd3 Nd7
41. Ke4 Nc2 42. Ba6 Nxb4 43. Bxb5 Nc5+ 44. Kd4 Nb7 45. Ne2 Nc2+ 46. Kd3 Nb4+ 47.
Kc3 Nd5+ 48. Kd4 Na5 49. Nc1 Kd8 50. Ba4 Ne7 0-1

[Event "AUTO-ELITE-2543"]
[Site "http://www.queenalice.com/game.php?id=1858484"]
[Date "2025.6.8"]
[Round "3"]
[White "Sexxy_Bunny"]
[Black "RaulSoft"]
[Result "1/2-1/2"]
[WhiteElo "2697"]
[BlackElo "2642"]

1. e4 e5 2. Nf3 Nc6 3. Bb5 Nf6 4. O-O Nxe4 5. d4 Nd6 6. Bxc6 dxc6 7. dxe5 Nf5 8.
Qxd8+ Kxd8 9. Nc3 h6 10. h3 Bd7 11. b3 Kc8 12. Bb2 b6 13. Rad1 c5 14. Nd5 a5 15.
a4 Ne7 16. c4 Nxd5 17. cxd5 Bf5 18. Rd2 Be7 19. Nh2 h5 20. f4 Kb7 21. Rfd1 Rad8
22. Nf1 h4 23. Ne3 Be4 24. Bc3 Rh6 25. Re2 f5 26. Kf1 Kc8 27. Kf2 Rg6 28. Be1
Rh6 29. Bc3 Rg6 30. Be1 Rh6 31. Bc3 1/2-1/2

[Event "AUTO-ELITE-2543"]
[Site "http://www.queenalice.com/game.php?id=1858485"]
[Date "2025.6.8"]
[Round "3"]
[White "RaulSoft"]
[Black "Sexxy_Bunny"]
[Result "1/2-1/2"]
[WhiteElo "2643"]
[BlackElo "2696"]

1. d4 Nf6 2. c4 e6 3. Nf3 d5 4. Nc3 c6 5. Bg5 h6 6. Bh4 dxc4 7. e4 g5 8. Bg3 b5
9. Be2 Bb7 10. e5 Nd5 11. O-O Nxc3 12. bxc3 c5 13. a4 a6 14. Qb1 g4 15. Nh4 cxd4
16. Bxc4 Qc8 17. Bd3 dxc3 18. axb5 Nd7 19. Rd1 Be7 20. Ng6 fxg6 21. bxa6 Rxa6
22. Rxa6 Bxa6 23. Bxg6+ Kf8 24. Qe4 Bg5 25. Qxg4 c2 26. Qf3+ Bf6 27. Rc1 Bb7 28.
Be4 Bxe4 29. Qxe4 Be7 30. Rxc2 Qb8 31. Qf3+ Kg8 32. Qg4+ Kh7 33. Qe4+ Kg7 34.
Qg4+ Kf7 35. Qf4+ Ke8 36. Qc1 Kf7 37. Qf4+ Kg8 38. Qg4+ Kf7 39. Qf4+ 1/2-1/2

[Event "AUTO-ELITE-2543"]
[Site "http://www.queenalice.com/game.php?id=1858486"]
[Date "2025.6.8"]
[Round "3"]
[White "Caronte"]
[Black "RaulSoft"]
[Result "1-0"]
[WhiteElo "2697"]
[BlackElo "2573"]

1. e4 e5 2. Bc4 Nf6 3. d3 c6 4. Nf3 d5 5. Bb3 Bg4 6. h3 Bxf3 7. Qxf3 dxe4 8.
dxe4 Nbd7 9. c3 Be7 10. a4 O-O 11. Bc2 b5 12. O-O Qc7 13. Nd2 Nc5 14. Qe2 Rfb8
15. Nf3 a5 16. Rd1 h6 17. b3 Rb7 18. axb5 cxb5 19. Bb2 Ncd7 20. Bd3 Nc5 21. Bc2
Ncd7 22. g3 Rc8 23. Kg2 b4 24. Rd3 Nc5 25. Re3 Ne6 26. Rc1 Bc5 27. Rd3 Qc6 28.
Kh2 Qe8 29. Nxe5 Ng5 30. cxb4 Rxb4 31. f3 a4 32. Bc3 Rbb8 33. bxa4 Bb4 34. Bd4
Qe6 35. Ng4 Nxg4+ 36. hxg4 Qa2 37. e5 g6 38. Rb3 Ne6 39. Be3 Bc5 40. Rxb8 Rxb8
41. Bxc5 Nxc5 42. f4 Rb4 43. Qd1 Nb3 44. Qd8+ Kh7 45. Kh3 Nxc1 46. Bxg6+ fxg6
47. Qe7+ Kh8 48. Qxb4 Ne2 49. Qb8+ Kg7 50. Qa7+ Kf8 51. Qb6 Qc2 52. f5 gxf5 53.
Qd8+ Kf7 54. Qd7+ Kf8 55. Qxf5+ Qxf5 56. gxf5 Nd4 57. a5 Nc6 58. a6 Kf7 59. Kh4
Kg7 60. Kh5 Na7 61. g4 Nc6 62. f6+ Kf7 63. Kxh6 Ke6 64. Kg7 1-0

[Event "OVER THE TOP"]
[Site "http://www.queenalice.com/game.php?id=1859018"]
[Date "2025.6.22"]
[Round "1"]
[White "RaulSoft"]
[Black "delphicoracle"]
[Result "1/2-1/2"]
[WhiteElo "2576"]
[BlackElo "2676"]

1. d4 d5 2. c4 dxc4 3. Qa4+ Nd7 4. Qxc4 e5 5. Nf3 exd4 6. Qxd4 Ngf6 7. Bg5 Bc5
8. Qa4 O-O 9. e3 Qe7 10. Qc2 Re8 11. Nbd2 h6 12. Bh4 Bb6 13. Be2 Nc5 14. O-O Bg4
15. h3 Bh5 16. Bc4 Kh8 17. b4 Nce4 18. Nxe4 Qxe4 19. Bd3 Qd5 20. Bxf6 Bxf3 21.
gxf3 gxf6 22. Be2 c5 23. Qc4 Qf5 24. Qh4 Qg5+ 25. Qxg5 fxg5 26. bxc5 Bxc5 27.
Rfc1 b6 28. Rd1 Red8 29. Bb5 Kg7 30. Rac1 Rac8 31. Kg2 Kf6 32. Ba6 Rxd1 33. Rxd1
Rc7 34. a4 Ke7 35. Bb5 Kf6 36. h4 Ke7 37. Rd5 f6 38. hxg5 hxg5 39. Rd1 Bd6 40.
Rh1 Ke6 41. Rh8 Kf7 42. Rd8 Ke6 43. Rh8 Rc3 44. Ra8 Rc7 45. Kh3 Rc2 46. Kg2 Rc7
47. Bd3 Be7 48. Rh8 Bd6 49. Kh3 Rc3 50. Ba6 Rc2 51. Kg2 Bc5 52. Kg3 Bd6+ 53. Kg2
Bc5 54. Kg3 Bd6+ 55. Kg2 1/2-1/2

[Event "AUTO-ELITE-2592"]
[Site "http://www.queenalice.com/game.php?id=1861177"]
[Date "2025.8.5"]
[Round "1"]
[White "trompmaster"]
[Black "RaulSoft"]
[Result "1-0"]
[WhiteElo "2451"]
[BlackElo "2584"]

1. d4 d5 2. Nf3 Nf6 3. e3 e6 4. Bd3 c5 5. b3 b6 6. O-O Bb7 7. Bb2 Bd6 8. c4 O-O
9. dxc5 Bxc5 10. cxd5 Nxd5 11. Qc2 h6 12. Rd1 Nd7 13. Qe2 Rc8 14. Nbd2 Bb4 15.
Rac1 Qe7 16. Ba6 N7f6 17. Bxb7 Qxb7 18. Qd3 Rfd8 19. Nc4 Be7 20. Qb1 b5 21. Nce5
b4 22. Nc4 Nd7 23. Qc2 N7b6 24. h3 Nxc4 25. bxc4 Rd7 26. Bd4 Rdc7 27. Qb2 Rxc4
28. Rxc4 Rxc4 29. Bxg7 Nc3 30. Bxc3 Rxc3 31. Qe2 Rc5 32. e4 a5 33. Qe3 Bf8 34.
Nh2 Rc3 35. Qe2 Qc7 36. Ng4 Bg7 37. e5 1-0

[Event "AUTO-ELITE-2592"]
[Site "http://www.queenalice.com/game.php?id=1861178"]
[Date "2025.8.5"]
[Round "1"]
[White "RaulSoft"]
[Black "trompmaster"]
[Result "0-1"]
[WhiteElo "2595"]
[BlackElo "2440"]

1. d4 d6 2. e4 Nf6 3. Nc3 e5 4. dxe5 dxe5 5. Qxd8+ Kxd8 6. Bc4 Ke8 7. f4 Nbd7 8.
Nf3 Bd6 9. O-O c6 10. a3 b5 11. Ba2 Ke7 12. Be3 exf4 13. Bd4 Ng4 14. Bxg7 Rg8
15. Bd4 Nde5 16. Nxe5 Bxe5 17. Ne2 Be6 18. Bc5+ Bd6 19. Bxd6+ Kxd6 20. Bxe6 fxe6
21. Nxf4 Raf8 22. h3 Ne5 23. Rad1+ Ke7 24. Nd3 Rxf1+ 25. Kxf1 Nc4 26. Re1 h5 27.
e5 a5 28. Kf2 a4 29. Re2 Kd7 30. Kf3 h4 31. Kf2 Ke7 32. Re4 Rf8+ 33. Kg1 Rh8 34.
Rg4 Rh5 35. Kf2 c5 36. Rg7+ Ke8 37. Rb7 Rf5+ 0-1

[Event "AUTO-ELITE-2592"]
[Site "http://www.queenalice.com/game.php?id=1861183"]
[Date "2025.8.5"]
[Round "1"]
[White "RaulSoft"]
[Black "Ahlkhanvio"]
[Result "1-0"]
[WhiteElo "2573"]
[BlackElo "2600"]

1. d4 d5 2. c4 dxc4 3. Qa4+ c6 4. Qxc4 Nf6 5. Nf3 Bg4 6. Nc3 Nbd7 7. e4 e6 8.
Be2 Be7 9. O-O O-O 10. Be3 Bh5 11. Rfd1 Bg6 12. Bd3 Bh5 13. Qb3 Qb8 14. Ne2 Rd8
15. Ng5 Bxe2 16. Bxe2 a5 17. Bc1 h6 18. Nxe6 Re8 19. Nxg7 Kxg7 20. e5 Nxe5 21.
Bf4 Bd6 22. dxe5 Bxe5 23. Qg3+ Kh8 24. Qh4 Ng8 25. Bxh6 Nxh6 26. Qxh6+ Kg8 27.
Rd7 Bxh2+ 28. Kf1 Qf4 29. Qh3 Re6 30. g3 Rh6 31. Rd4 1-0

[Event "AUTO-ELITE-2592"]
[Site "http://www.queenalice.com/game.php?id=1861184"]
[Date "2025.8.5"]
[Round "1"]
[White "Ahlkhanvio"]
[Black "RaulSoft"]
[Result "1/2-1/2"]
[WhiteElo "2569"]
[BlackElo "2578"]

1. d4 d5 2. c4 e6 3. Nc3 Nf6 4. Nf3 Bb4 5. Qa4+ Nc6 6. cxd5 exd5 7. Bg5 O-O 8.
e3 h6 9. Bxf6 Qxf6 10. Be2 Rd8 11. a3 Bf8 12. O-O Ne7 13. b4 c6 14. Qb3 Nf5 15.
b5 Be6 16. bxc6 bxc6 17. Na4 c5 18. Nxc5 Bxc5 19. dxc5 d4 20. Bc4 Rab8 21. Qa2
dxe3 22. Bxe6 fxe6 23. Rab1 exf2+ 24. Qxf2 Rxb1 25. Rxb1 Qc3 26. Re1 Qxa3 27.
Rxe6 Qa1+ 28. Re1 Rd1 29. h3 a5 30. Rxd1 Qxd1+ 31. Kh2 Qd5 32. Qc2 Ne7 33. Kh1
Nc6 34. Kh2 Kh8 35. Kh1 Kg8 36. Kh2 Kh8 37. Kh1 Ne7 38. Kh2 Qd7 39. Kh1 Qd5 40.
Kh2 Qd7 41. Kh1 Qd5 1/2-1/2

[Event "AUTO-ELITE-2554"]
[Site "http://www.queenalice.com/game.php?id=1862046"]
[Date "2025.8.25"]
[Round "2"]
[White "Sexxy_Bunny"]
[Black "RaulSoft"]
[Result "1-0"]
[WhiteElo "2617"]
[BlackElo "2652"]

1. e4 e5 2. Nf3 Nc6 3. Bb5 Nf6 4. O-O Nxe4 5. d4 Nd6 6. Bxc6 dxc6 7. dxe5 Nf5 8.
Qxd8+ Kxd8 9. Nc3 Be6 10. Rd1+ Ke8 11. Ng5 Bc8 12. Nf3 a5 13. h3 a4 14. a3 h6
15. Bf4 Be6 16. Ne4 Ra5 17. g4 Ne7 18. Nd4 Ng6 19. Bg3 Nxe5 20. b4 axb3 21. cxb3
Be7 22. Nxe6 fxe6 23. b4 Rd5 24. Rxd5 Nf3+ 25. Kg2 1-0

[Event "AUTO-ELITE-2554"]
[Site "http://www.queenalice.com/game.php?id=1862047"]
[Date "2025.8.25"]
[Round "2"]
[White "RaulSoft"]
[Black "Sexxy_Bunny"]
[Result "0-1"]
[WhiteElo "2643"]
[BlackElo "2626"]

1. d4 Nf6 2. c4 e6 3. Nf3 d5 4. g3 Be7 5. Bg2 O-O 6. cxd5 exd5 7. O-O c5 8. dxc5
Bxc5 9. a3 Nc6 10. b4 Bb6 11. Nc3 Re8 12. Bb2 Bg4 13. Na4 Bc7 14. Nc5 b6 15. Nd3
Bd6 16. Rc1 Rc8 17. Re1 Ne4 18. h3 Bd7 19. e3 Ne7 20. Qb3 Bb5 21. Nde5 h6 22. h4
Bd7 23. Rxc8 Bxc8 24. Rc1 Bf5 25. Nd3 Qd7 0-1

[Event "AUTO-ELITE-2554"]
[Site "http://www.queenalice.com/game.php?id=1862048"]
[Date "2025.8.25"]
[Round "2"]
[White "SPIDERMAN99"]
[Black "RaulSoft"]
[Result "1-0"]
[WhiteElo "2513"]
[BlackElo "2561"]

1. d4 d5 2. c4 e6 3. Nf3 Nf6 4. g3 Bb4+ 5. Bd2 Be7 6. Bg2 O-O 7. O-O c6 8. Qc2
b6 9. Ne5 Bb7 10. Rd1 Nbd7 11. Bf4 Nh5 12. Bd2 Nhf6 13. cxd5 cxd5 14. Nc6 Bxc6
15. Qxc6 Rc8 16. Qb5 Ne8 17. Qb3 Nd6 18. Nc3 Nf6 19. Rac1 Qd7 20. Bf4 Nc4 21.
Bg5 Rfd8 22. e3 h6 23. Bxf6 Bxf6 24. Bf1 Qb7 25. Bd3 g6 26. Qc2 b5 27. Qe2 a6
28. a4 Kg7 29. h4 h5 30. axb5 1-0

[Event "AUTO-ELITE-2554"]
[Site "http://www.queenalice.com/game.php?id=1862049"]
[Date "2025.8.25"]
[Round "2"]
[White "RaulSoft"]
[Black "SPIDERMAN99"]
[Result "0-1"]
[WhiteElo "2552"]
[BlackElo "2522"]

1. d4 Nf6 2. c4 e6 3. Nf3 d5 4. g3 Bb4+ 5. Bd2 Be7 6. Bg2 O-O 7. Qc2 c6 8. O-O
b6 9. Bf4 Bb7 10. Rd1 Nbd7 11. Nfd2 Nh5 12. Be3 h6 13. Nc3 Rc8 14. a4 a5 15.
cxd5 cxd5 16. Qb3 Nb8 17. Nb5 Nc6 18. Nf3 Nf6 19. Rdc1 Ne4 20. Rc2 Qd7 21. Rac1
Bb4 22. Bf1 f6 23. Ne1 Nd6 24. Nxd6 Qxd6 25. Nd3 Ba6 26. h4 g5 27. Nxb4 Qxb4 28.
Qxb4 Nxb4 29. Rc7 Rxc7 30. Rxc7 Rc8 31. Re7 Nc6 0-1